| 000 | 00614cam a22001691i 4500 | ||
|---|---|---|---|
| 082 |
_a355.0092 _bMEM _cD |
||
| 100 | 1 |
_aSassoon, Siegfried, _949235 |
|
| 245 | 1 | 0 |
_aMemoirs of an infantry officer / _cby the author of Memoirs of a fox-hunting man. |
| 260 |
_aLondon : _bFaber & Faber Limited, 24 Russell Square, _cMCMXXX. |
||
| 300 |
_a3 p.l., 7-334 p., 1 l. ; _c20 cm. |
||
| 500 | _aPublisher's device as colophon. | ||
| 500 | _aThe David Magee Collection of Edwardian Literature. | ||
| 526 |
_a0 _b0 _c0 _d355_009200000000000_MEM |
||
| 650 | 0 |
_aMCE _9379 |
|
| 650 | 0 |
_aWorld War, 1914-1918 _928173 |
|
| 942 |
_2ddc _cBK |
||
| 999 |
_c552045 _d552045 |
||